000
00311nam a22001457a 4500
008
210310b ||||| |||| 00| 0 eng d
020
_a
0393972887
041
_a
eng
080
_a
541
082
_a
541
100
_a
12
101
_a
KIM
245
_a
Principles of Chemistry
_c
Munowitz, M
942
_2
udc
_c
BK
999
_c
56211
_d
56211